Introduction to culture and heritage of ancient India (GEC1)/ (Record no. 11626)
[ view plain ]
| 000 -LEADER | |
|---|---|
| fixed length control field | 00538nam a22001937a 4500 |
| 005 - DATE AND TIME OF LATEST TRANSACTION | |
| control field | 20230907140351.0 |
| 008 - FIXED-LENGTH DATA ELEMENTS--GENERAL INFORMATION | |
| fixed length control field | 230907b ||||| |||| 00| 0 eng d |
| 020 ## - INTERNATIONAL STANDARD BOOK NUMBER | |
| International Standard Book Number | 9789389491760 |
| 040 ## - CATALOGING SOURCE | |
| Original cataloging agency | IN-DiNC |
| Transcribing agency | IN-DiNC |
| 041 ## - LANGUAGE CODE | |
| Language code of sung or spoken text | English |
| 082 ## - DEWEY DECIMAL CLASSIFICATION NUMBER | |
| Classification number | 934 |
| Item number | SEN |
| 100 ## - MAIN ENTRY--PERSONAL NAME | |
| Personal name | Sen, Sanjay |
| Relator term | Author |
| 245 ## - TITLE STATEMENT | |
| Title | Introduction to culture and heritage of ancient India (GEC1)/ |
| Statement of responsibility, etc. | by Sanjay Sen |
| 250 ## - EDITION STATEMENT | |
| Edition statement | 1st ed. |
| 260 ## - PUBLICATION, DISTRIBUTION, ETC. | |
| Place of publication, distribution, etc. | Guwahati: |
| Name of publisher, distributor, etc. | Ashok publication, |
| Date of publication, distribution, etc. | 2023. |
| 300 ## - PHYSICAL DESCRIPTION | |
| Extent | 200p. |
| 650 ## - SUBJECT ADDED ENTRY--TOPICAL TERM | |
| Topical term or geographic name entry element | History of ancient India |
| 942 ## - ADDED ENTRY ELEMENTS (KOHA) | |
| Source of classification or shelving scheme | Dewey Decimal Classification |
| Koha item type | Books |
| Withdrawn status | Lost status | Source of classification or shelving scheme | Damaged status | Not for loan | Collection code | Home library | Current library | Shelving location | Date acquired | Cost, normal purchase price | Total Checkouts | Full call number | Barcode | Date last seen | Date last checked out | Copy number | Price effective from | Koha item type |
|---|---|---|---|---|---|---|---|---|---|---|---|---|---|---|---|---|---|---|
| Dewey Decimal Classification | History | Central Library, Naharkatiya College | Central Library, Naharkatiya College | General Stacks | 07/09/2023 | 250.00 | 4 | 934 SEN | 29433 | 25/06/2025 | 09/09/2024 | 1 | 07/09/2023 | Books | ||||
| Dewey Decimal Classification | History | Central Library, Naharkatiya College | Central Library, Naharkatiya College | General Stacks | 07/09/2023 | 250.00 | 2 | 934 SEN | 29434 | 28/11/2023 | 15/11/2023 | 2 | 07/09/2023 | Books | ||||
| Dewey Decimal Classification | History | Central Library, Naharkatiya College | Central Library, Naharkatiya College | General Stacks | 07/09/2023 | 250.00 | 3 | 934 SEN | 29435 | 20/11/2025 | 17/11/2025 | 3 | 07/09/2023 | Books |
